Толерантность в контексте углубления реформационных процессов в Узбекистане / (Record no. 376172)
[ view plain ]
| 000 -LEADER | |
|---|---|
| fixed length control field | 01055nam a2200241 a 4500 |
| 001 - CONTROL NUMBER | |
| control field | 001180094 |
| 003 - CONTROL NUMBER IDENTIFIER | |
| control field | AM-YeHGA |
| 005 - DATE AND TIME OF LATEST TRANSACTION | |
| control field | 20250617152713.0 |
| 008 - FIXED-LENGTH DATA ELEMENTS--GENERAL INFORMATION | |
| fixed length control field | 161005s2014 ||| r 000 0 rus d |
| 020 ## - INTERNATIONAL STANDARD BOOK NUMBER | |
| International Standard Book Number | 9789943381834 |
| 040 ## - CATALOGING SOURCE | |
| Original cataloging agency | AM-YeHGA |
| 041 0# - LANGUAGE CODE | |
| Language code of text/sound track or separate title | rus |
| 090 ## - LOCALLY ASSIGNED LC-TYPE CALL NUMBER (OCLC); LOCAL CALL NUMBER (RLIN) | |
| -- | 378082 |
| 245 00 - TITLE STATEMENT | |
| Title | Толерантность в контексте углубления реформационных процессов в Узбекистане / |
| Statement of responsibility, etc. | Кадырова З.Р., Хакимов Н.Х., Шарипов А.Д., Алиева В.Р.; Нац. ун-т Узбекистана им. Мирзо Улугбека. |
| 260 ## - PUBLICATION, DISTRIBUTION, ETC. | |
| Place of publication, distribution, etc. | Ташкент : |
| Name of publisher, distributor, etc. | Нац. ун-т Узбекистана, |
| Date of publication, distribution, etc. | 2014. |
| 300 ## - PHYSICAL DESCRIPTION | |
| Extent | 308 c. |
| 653 0# - INDEX TERM--UNCONTROLLED | |
| Uncontrolled term | Государство, власть, политика |
| 700 1# - ADDED ENTRY--PERSONAL NAME | |
| Personal name | Кадырова З.Р. |
| 700 1# - ADDED ENTRY--PERSONAL NAME | |
| Personal name | Хакимов Н.Х. |
| 700 1# - ADDED ENTRY--PERSONAL NAME | |
| Personal name | Шарипов А.Д. |
| 700 1# - ADDED ENTRY--PERSONAL NAME | |
| Personal name | Алиева В.Р. |
| 710 2# - ADDED ENTRY--CORPORATE NAME | |
| Corporate name or jurisdiction name as entry element | Нацональный университет Узбекистана им. Мирзо Улугбека |
| Withdrawn status | Lost status | Damaged status | Not for loan | Collection | Home library | Current library | Date acquired | Cost, normal purchase price | Shelving control number | Total checkouts | Full call number | Barcode | Date last seen | Price effective from | Koha item type | Public note |
|---|---|---|---|---|---|---|---|---|---|---|---|---|---|---|---|---|
| General | Fundamental Scientific Library | Fundamental Scientific Library | 11/01/2017 | 2000.00 | РII/657363 | FL0432032 | 11/01/2017 | 11/01/2017 | Գրքեր / Books | 30 Days Loan |
ՀՀ Գիտությունների ազգային ակադեմիայի հիմնարար գիտական գրադարան = Fundamental Scientific Library of NAS RA
All site content, except where otherwise noted, is licensed under a